美国各州州府State Capital - Statistics

General Stats
  • This quiz has been taken 28 times
  • The average score is 17 of 50
Answer Stats
州名 州府 % Correct
加利福尼亚州 萨克拉门托
87%
科罗拉多州 丹佛
87%
犹他州 盐湖城
78%
亚利桑那州 菲尼克斯
70%
佐治亚州 亚特兰大
65%
夏威夷州 火奴鲁鲁
65%
印第安纳州 印第安纳波利斯
65%
马萨诸塞州 波士顿
65%
阿肯色州 小石城
61%
俄克拉荷马州 俄克拉荷马城
61%
田纳西州 纳什维尔
57%
德克萨斯州 奥斯汀
57%
阿拉斯加州 朱诺
48%
伊利诺伊州 斯普林菲尔德
48%
俄亥俄州 哥伦布
48%
路易斯安那州 巴吞鲁日
43%
罗德岛州 普罗维登斯
43%
怀俄明州 夏延
43%
密西西比州 杰克逊
39%
内布拉斯加州 林肯
39%
纽约州 奥尔巴尼
39%
佛罗里达州 塔拉哈西
35%
北卡罗来纳州 罗利
35%
弗吉尼亚州 里士满
35%
华盛顿州 奥林匹亚
30%
明尼苏达州 圣保罗
30%
内华达州 卡森城
30%
新墨西哥州 圣菲
26%
北达科他州 俾斯麦
26%
威斯康星州 麦迪逊
26%
亚拉巴马州 蒙哥马利
22%
密歇根州 兰辛
22%
宾夕法尼亚州 哈里斯堡
22%
佛蒙特州 蒙彼利埃
22%
艾奥瓦州 得梅因
17%
堪萨斯州 托皮卡
17%
肯塔基州 法兰克福
17%
缅因州 奥古斯塔
17%
新罕布什尔州 康科德
17%
特拉华州 多佛
13%
密苏里州 杰斐逊城
13%
南卡罗来纳州 哥伦比亚
13%
西弗吉尼亚州 查尔斯顿
13%
康涅狄格州 哈特福德
9%
爱达荷州 博伊西
9%
新泽西州 特伦顿
9%
南达科他州 皮尔
9%
俄勒冈州 塞勒姆
4%
马里兰州 安那波利斯
0%
蒙大拿州 赫勒拿
0%
No matching quizzes found
Score Distribution
Percent of People with Each Score
Percentile by Number Answered
Your Score History
You have not taken this quiz